| 000 | 00904 a2200217 4500 | ||
|---|---|---|---|
| 020 | _a0442019521 | ||
| 020 | _a9780442019525 | ||
| 082 | 0 | 4 | _a658.404 |
| 090 |
_c3486 _d3486 |
||
| 100 | 1 | _aPinto, Jeffrey K. | |
| 245 | 1 | 0 |
_aSuccessful project managers : _bleading your team to success / _cJeffrey K. Pinto. |
| 250 | _a1st ed. | ||
| 260 |
_a[S.l.] : _bVan Nostrand Reinhold Company, _c1995. |
||
| 300 |
_a421 p. ; _c25 cm. |
||
| 500 | _aHardcover. | ||
| 520 | _aShows you step-by-step how to develop leadership skills that will make your team shine and help you complete projects on time and within budget. DLC: Industrial project management. | ||
| 700 | 1 | _aKharbanda, O. P. | |
| 856 | 4 | 0 |
_3Amazon.com _uhttp://www.amazon.com/exec/obidos/ASIN/0442019521/chopaconline-20 |
| 856 | 4 | 0 |
_3Amazon customer reviews _uhttp://www.chopac.org/cgi-bin/tools/azrev.pl?q=0442019521 |
| 942 |
_aNBS _cBK _k658.404 PIN |
||
| 999 |
_c345963 _d345963 |
||